000 00702nam a2200253 a 4500
001 38678
003 AR-BaAGN
005 20231116150608.0
007 ta
008 220625s2004 xx |||||r|||| ||||||spa d
020 _a987-99741-2-3
040 _dAR-BaAGN
_aAR-BaAGN
_bspa
_eaacr
100 1 _aHilger, Carlos Alberto
245 1 0 _aEspaña y la Argentina en la arquitectura del siglo XX
250 _a1ª ed.
260 _a[Lugar de publicación no identificado] :
_bSociedad Central de Arquitectos,
_c2004.
300 _a208 páginas
336 _2rdacontent
_btxt
337 _2rdamedia
_bn
338 _2rdacarrier
_bnc
650 4 _aARQUITECTURA
_91470
942 _cLIBRO
999 _c38678
_d38678